Регионална библиотека "Любен Каравелов" - Русе

Безсмъртието на Шипка (Запис номер 125329)

MARC детайли
000 -Лидер
Контролно поле с фиксирана дължина 02031nam a2200409 c 4500
003 - Код на организацията, давaща контролен номер
Контролно поле BLK
005 - Дата и час на последна редакция
Контролно поле 20250128125109.0
008 - Елементи от данни с фиксирана дължина
fixed length control field 180409b bul|||||r ||||||| ||bul||
010 ## - Наследен системен номер
LC control number KNG00130999000
040 ## - Източник на каталожния запис
Идентификатор на билиотеката - собственик на записа BLK
041 ## - Код за език
Код за езика на текст/звукозапис или на отделно заглавие Български
Код за езика КДБФ Български
080 ## - УДК
Текстов определител УДК Освобождение на България. Руско-турска война (1877-1878)
УДК код - определител по УДК 94(497.2)"1877/1878"
УДК определител
УДК - код + определител 94(497.2)"1877/1878"
139 ## - Редно поле
Редна дума Безсмъртието на Шипка
Авторски знак Без - Б 32
245 10 - Сведения за заглавието
Заглавие Безсмъртието на Шипка
Редно поле (дума) * Никола Бобчев; * Д. Генчов-Уста.
257 ## - Страна на издаване
Страна на създаване/издаване България
260 ## - Област на издателските данни
-- София
Име на издателя, разпространителя и проч. Слав. д-во в България
Година на издаване 1932
Печатница София : печ. Художник
300 ## - Физическа характеристика
Страници ХIII, 94 с.
Илюстрации и др. с ил., 1 л. план
Размери/Мащаб 15 см
380 ## - Жанр
Жанр История
490 1# - СЕРИИ (Колекции)
Име на серия Славянска библиотека
№: серия Г. 9, 1932, № 3-4
500 ## - Общи забележки
Забележка 1 000 тир. - Съдържа: Шипка - "На безсмъртен подвиг паметник огромен" / Никола Бобчев . Шипченският проход и паметниците по неговите височини / Д. Уста-Генчов.
650 #4 - Допълнително описание по предмет – тема
Основно описание – тема или топоним Шипченски боеве 1877
9 (RLIN) 319346
650 #4 - Допълнително описание по предмет – тема
Основно описание – тема или топоним Шипченски проход - паметници
9 (RLIN) 319347
650 #7 - Допълнително описание по предмет – тема
Основно описание – тема или топоним Руско-турска освободителна война 1877 - 1878 - паметници
Източник на редна или ключова дума
9 (RLIN) 170047
651 #4 - Допълнително описание по предмет - топоним
Географско понятие България
9 (RLIN) 241624
651 #4 - Допълнително описание по предмет - топоним
Географско понятие Шипка
9 (RLIN) 179803
653 ## - Ключова дума – ненормативна
Ключова дума Шипка
653 ## - Ключова дума – ненормативна
Ключова дума паметници
653 ## - Ключова дума – ненормативна
Ключова дума Руско-турска освободителна война 1877-1878
700 1# - Други автори (авторска отговорност)
Лично име Бобчев, Никола
Автороска отговорност (Описва отношението между автора и произведението) *
9 (RLIN) 319344
700 1# - Други автори (авторска отговорност)
Лично име Генчов-Уста, Д.
Автороска отговорност (Описва отношението между автора и произведението) *
9 (RLIN) 319345
852 ## - Местоположение
Форматна сигнатура Цб 9.155.9299
856 4# - Електронен адрес и достъп
Електронен формат pdf - файл
Път до файла /url/
856 4# - Електронен адрес и достъп
Електронен формат pdf - файл
Път до файла /url/
942 ## - АРТИКУЛИ
Вид на библиотечния материал Книги
Скрит в OPAC Не
944 ## - СЪЗДАВАНЕ И РЕДАКЦИЯ на ЗАПИСА
Създаване/Редакция Създаване
Дата на регистрацията/редакция 31.05.2012
Статус, дата на статуса Геновева Генчева
Служител, извършил регистрацията/редакцията 30560
944 ## - СЪЗДАВАНЕ И РЕДАКЦИЯ на ЗАПИСА
Създаване/Редакция Редакция
Дата на регистрацията/редакция 31.05.2012
Статус, дата на статуса 31.05.2012 - от С1,Р / 31.05.2012
Служител, извършил регистрацията/редакцията
999 ## - СИСТЕМНИ КОНТРОЛНИ НОМЕРА
Koha biblionumber 125329
Koha biblioitemnumber 125329
Наличности
Код за отписване Код за изгубен артикул Източник на класификационната схема Код за повреда Коз за рестрикции Код за отдаване Артикулен № Име на библиотеката - собственик Име на библиотеката, в която се намира в момента Статус (Текущо местоположение) Дата на вписване в системата Местоположение - отдел Цена в лева Инвентарен номер Систематично азбучна сигнатура Баркод Номер на екземпляра Цена в евро Служебна бележка Служебен тип на артикула
  Не е изгубен Universal Decimal Classification Не е повреден без рестрикции ползва се в читалня 203816 Регионална библиотека "Любен Каравелов" Русе Регионална библиотека "Любен Каравелов" Русе Хранилище 1932-01-01 Основен фонд - ползва се само за читалня 0.08 9299 Цб 9.155.9299 900000046564 1 0.04 N: стар фонд Дата: 01.01.1932 Книги
Vip Innovations Ltd, Rousse, Bulgaria 2025